Missing Word: Arizona A-Z Quiz Stats

 Plays Quiz Updated Aug 19, 2019

Score 0/22 Timer 04:00
0 Plays Today
Hint Answer % Correct
_________ Lincoln, President who signed Arizona Territory into lawAbraham
99.2%
Hoover ____Dam
95.1%
_____ Canyon National ParkGrand
93.5%
_____ Stone, Academy Award winning actressEmma
84.8%
NBA team, ______ SunsPhoenix
83.1%
Colorado ______, canyon waterwayRiver
81.1%
NFL team, Arizona _______Cardinals
79.1%
John ______, US senator and presidential candidateMcCain
68.7%
______, Arizona (11th largest city)Yuma
63.5%
Apache ______, state fishTrout
62.2%
Petrified _____, state fossilWood
62.1%
Hint Answer % Correct
Navajo ______, Native American territoryNation
58.9%
_____ Pleasant Regional ParkLake
57.4%
______ Cliffs National MonumentVermilion
53.6%
Horseshoe ____Bend
51.9%
Lake _______ CityHavasu
40%
San ________ PeaksFrancisco
34%
____ Brewer, former governorJan
28.4%
Mo ______, US representative and presidential candidateUdall
26.7%
____ Creek CanyonOak
15.6%
______ blossom, state flowerSaguaro
14.6%
Jon ___, former US senatorKyl
12.5%

Today's Daily Dose

Missing Word
Celine Dion

Word Ladder
Dr. Seuss Books

Quick Pick
Cities in India

Get the Picture
'A' Actresses

You're not logged in!

Compare scores with friends on all Sporcle quizzes.
OR
Log In

Sporcle TV

Today on Sporcle TV


Watch our educational content, quiz creation guides, and fun videos on Sporcle TV.

Show Comments

Extras

Top Quizzes Today


Score Distribution

Your Account Isn't Verified!

In order to create a playlist on Sporcle, you need to verify the email address you used during registration. Go to your Sporcle Settings to finish the process.

Report this User

Report this user for behavior that violates our Community Guidelines.

Details: